Estatuto tributario nacional

Detalles Bibliográficos
Autor principal: Chavarro Cadena, Jorge Enrique
Otros Autores: Varn̤ Garca̕, Leonardo, Chavarro Moreno, Cindy Lorena
Formato: eBook
Lenguaje:español
Publicado: Bogot:̀ Grupo Editorial Nueva Legislacin̤, 2021
Materias:
Acceso en línea:Acceso restringido

MARC

LEADER 00000nam a22000007a 4500
005 20211116213438.0
007 cr|||| ||||
008 211116s2021 co |||||s|||| 00||0 spa d
020 |a 978-958-53248-0-0 
035 |a 35417 
040 |a vLex 
090 |c 12656  |d 12656 
100 1 |a Chavarro Cadena, Jorge Enrique 
245 1 0 |a  Estatuto tributario nacional  |h [Recurso electrn̤ico] /  |c Jorge Enrique Chavarro Cadena, Leonardo Varn̤ Garca̕, Cindy Lorena Chavarro Moreno 
256 |a Servicio en ln̕ea 
260 |a Bogot:̀  |b Grupo Editorial Nueva Legislacin̤,  |c 2021 
300 |a 1 recurso electrn̤ico 
506 1 |a Disponible solo en los productos indicados  |d vLex Global  |d vLex Global (Academic Edition, excluding Law Schools)  |d vLex Global (U.S. Academic Edition, Law Schools)  |d vLex Global (U.S. Academic Edition, excluding Law Schools)  |d vLex Global (Academic Edition, Law Schools) 
650 0 4 |a Derecho Fiscal  |z Colombia 
700 1 |a Varn̤ Garca̕, Leonardo 
700 1 |a Chavarro Moreno, Cindy Lorena 
740 0 |a vLex Libros (Servicio en ln̕ea) 
856 1 0 |u https://app.vlex.com/#/sources/35417  |z Acceso restringido 
942 |c BOOK 
999 0 |a Tax Law